000 00636nam a2200253Ia 4500
003 OSt
005 20221007113124.0
006 a|||||r|||| 00| 0
007 ta
008 221006b |||||||| |||| 00| 0 hin d
024 _a30,246
037 _cTextual
040 _aLCO
_cLCO
_bhin
041 _2hin
_ahin
082 _aZ2,91, Q0
100 _aPrasad Anirudh
245 0 _aVidhishashtra ke Mool Siddhant
250 _a4th
260 _aLucknow
_bEastern Book Company India
_c2010
300 _a904
650 _aJurisprudence
942 _hZ2,91, Q0
_cTEXL
999 _c1199809
_d1199809